| 000 | 00443cam a2200169ua 4500 | ||
|---|---|---|---|
| 020 | _c625.00 | ||
| 041 |
_aeng _h |
||
| 082 |
_a523.01 _bABH/AS |
||
| 100 | _aAbhyankar, K.D . | ||
| 245 |
_aAstrophysics; stars and galaxies / _cK.D Abhyankar. _hTextual Documents |
||
| 260 |
_aHyderabad : _bUniversities press India Pvt Ltd , _c2001. |
||
| 300 | _a543 ; . | ||
| 365 | _a625.00 | ||
| 504 | _a | ||
| 942 | _cBK | ||
| 999 |
_c13104 _d13104 |
||